Estadísticas para Estados de los Estados Unidos más Adivinados en Jetpunk

Haz click aquí para intentar la prueba.

Estadísticas generales

  • Esta prueba ha sido intentada 50 veces
  • La puntuación promedio es 16 de 20

Estadísticas de respuestas

%Estado% Correcto
95%California
100%
85%Nueva York
100%
95%Texas
97%
92%Florida
95%
75%Nevada
84%
77%Nuevo México
84%
68%Ohio
84%
86%Washington
82%
89%Alaska
76%
68%Arizona
76%
73%Carolina del Sur
76%
79%Hawái
76%
74%Carolina del Norte
74%
69%Colorado
71%
66%Dakota del Norte
71%
65%Dakota del Sur
68%
61%Nueva Jersey
66%
62%Oregón
66%
68%Alabama
63%
62%Virginia
55%

Distribución de puntuación

Porcentaje por número respondido

Porcentaje de gente con cada puntuación

Historial de tus puntuaciones

No has intentado esta prueba.